LAKLE DEVRİ (Record no. 1121111)

MARC details
000 -LEADER
sabit uzunluktaki kontrol alanı 00245nam a2200097Ia 4500
001 - KONTROL NUMARASI
kontrol alanı 1121111
005 - EN SON İŞLEMİN TARİH VE ZAMANI
kontrol alanı 20250827004637.0
008 - SABİT-UZUNLUKTA VERİ ÖĞELERİ--GENEL BİLGİ
sabit uzunluktaki kontrol alanı 250824s9999 xx 000 0 und d
245 #0 - ESER / YAZAR
ESER ADI LAKLE DEVRİ
Yazar Adı AHMET REFİK ALTINAY
260 ## - YAYIN, DAĞITIM, VB.
YAYIN EVİ PANAMA YAYINLARI
Holdings
Düşüm durumu Kayıp durumu Hasar Durumu Ödünç verilmez Ana kütüphane Geçerli Kütüphane Edinilen tarih Toplam ödünç verme sayısı Barkod Son görüntüleme tarihi Fiyatın geçerli olmaya başladığı tarih Koha materyal türü
        SELÇUKLU BİLİM VE SANAT MERKEZİ SELÇUKLU BİLİM VE SANAT MERKEZİ 24.08.2025   109144 27.08.2025 27.08.2025 Books